|
|
|
|
| LEADER |
03194nam a2200457 a 4500 |
| 001 |
33989 |
| 003 |
BD-DhAAL |
| 005 |
20220306151636.0 |
| 008 |
181113t20061998nyua b 000 0 eng c |
| 999 |
|
|
|c 40036
|d 40036
|
| 020 |
|
|
|a 9780801475009 (pbk.)
|
| 020 |
|
|
|a 0801475007 (pbk.)
|
| 020 |
|
|
|a 0801492637
|
| 029 |
1 |
|
|a NLGGC
|b 315379049
|
| 035 |
|
|
|a (OCoLC)228371603
|
| 040 |
|
|
|a BTCTA
|c BTCTA
|d BWX
|d YDXCP
|d ZY8
|d TJC
|d IAY
|d NLGGC
|d IQU
|d MYG
|d BD-DhAAL
|
| 042 |
|
|
|a pcc
|
| 049 |
|
|
|a MYGG
|
| 050 |
|
4 |
|a JC311
|b .G483 2008
|
| 082 |
|
|
|a 320.54
|2 23
|
| 100 |
1 |
|
|a Gellner, Ernest
|9 28884
|
| 245 |
1 |
0 |
|a Nations and nationalism /
|c Ernest Gellner ; introduction by John Breuilly
|
| 250 |
|
|
|a Second edition
|
| 260 |
|
|
|a Ithaca, N.Y. :
|b Cornell University Press,
|c 2008, 1983
|
| 300 |
|
|
|a liii, 152 pages ;
|a viii, 150 pages :
|b illustrations ;
|c 22 cm.
|
| 440 |
|
|
|a New perspectives on the past
|9 28931
|
| 500 |
|
|
|a Originally published as hbk.: Malden, MA : Blackwell Pub., c2006.
First printing 1983.
Fifth printing 1993.
|
| 504 |
|
|
|a "Bibliography of Ernest Gellner's writings on nationalism / Ian Jarvie": (pages 142-147)
|
| 504 |
|
|
|a Includes bibliographical references (pages [137]-141) and index.
|
| 505 |
0 |
|
|a Definitions: State and nation ; The Nation -- Culture in agrarian society: Power and culture in the agro-literature society ; The state in agrarian society ; The varieties of agrarian rulers -- Industrial society: The society of perpetual growth ; Social genetics ; The age of universal high culture -- The transition to an age of nationalism: A note on the weakness of nationalism ; Wild and garden cultures -- What is a nation?; The course of true nationalism never did run smooth -- Social entropy and equality in industrial society: Obstacles to entropy ; Fissures and barriers ; A diversity of focus -- A typology of nationalisms: The varieties of nationalist experience ; Diaspora nationalism -- The future of nationalism: Industrial culture : one or many? -- Nationalism and ideology: Who is for Nuremberg? ; One nation, one state -- Conclusion: What is not being said ; Summary.
|
| 520 |
|
|
|a First published in 1983, Nations and Nationalism remains one of the most influential explanations of the emergence of nationalism ever written. This updated edition of Ernest Gellner's now-canonical work includes a new introductory essay from John Breuilly, tracing the way the field has evolved over the past two decades, and a bibliography of...
|
| 526 |
|
|
|a ENH
|
| 541 |
|
|
|a Trim education.
Donated by Akbar Ali Khan
|e 33989, 37961
|
| 650 |
|
0 |
|a Nationalism.
|9 28885
|
| 650 |
|
0 |
|a Industrialization.
|9 28886
|
| 650 |
|
0 |
|a English language.
|9 42952
|
| 700 |
1 |
|
|a Breuilly, John,
|d 1946-
|9 28887
|
| 852 |
|
|
|a Ayesha Abed Library
|c General Stacks
|
| 942 |
|
|
|2 ddc
|c BK
|
| 952 |
|
|
|0 0
|1 0
|2 ddc
|4 0
|6 320_540000000000000_GEL
|7 0
|9 64547
|a BRACUL
|b BRACUL
|c GEN
|d 2018-10-31
|e Trim Education
|g 2180.00
|l 2
|m 24
|o 320.54 GEL
|p 3010033989
|r 2025-08-17
|s 2025-06-23
|t 1
|v 2180.00
|w 2018-10-31
|y BK
|
| 952 |
|
|
|0 0
|1 0
|2 ddc
|4 0
|6 320_540000000000000_GEL
|7 1
|9 69994
|a BRACUL
|b BRACUL
|c AAKC
|d 2022-03-06
|e Donated by Akbar Ali Khan
|g 2180.00
|l 0
|o 320.54 GEL
|p 3010037961
|r 2022-03-06
|t 2
|w 2022-03-06
|y BK
|